000 00887nam a22003017a 4500
001 BR0602647
003 BR-BrBNA
005 20230928102201.0
007 ta
008 230509b bl.||||| |||| 00| 0 por d
040 _aBR-BrBNA
_bpor
_cBiblioteca Nacional de Agricultura
041 _a(Por)
072 _aE14; E16; A50
090 _ E14 BR0602647
110 1 _aSuperintendência Federal de Agricultura, Pecuária e Abastecimento em Goiás, Goiânia (Brasil)
245 1 _aRealizações 2005
260 3 _aGoiânia, GO (Brasil):
_c2005.
300 _a34 p.
500 _a34 illus.; 25 tables
650 _aAGRONEGÓCIO
650 _aINSTITUIÇÃO DE PESQUISA
650 _aDESENVOLVIMENTO SÓCIO-ECONÔMICO
650 _aDADOS ESTATÍSTICOS
650 _aDIVULGAÇÃO
650 _aPROJETO DE DESENVOLVIMENTO
909 _a202309
_bLucia
_c55
_dLucia Elande
942 _cBK
999 _c69535
_d69535